Statistics for Fast Typing 1-200

Click here to take the quiz!

General Stats

  • This quiz has been taken 15,595 times
  • The average score is 128 of 200

Answer Stats

# % Correct
1
100%
3
99%
4
99%
2
99%
5
98%
6
98%
7
98%
8
98%
9
98%
10
96%
11
96%
12
95%
13
94%
14
94%
15
94%
19
93%
20
93%
18
93%
17
93%
16
93%
21
92%
22
91%
23
91%
31
90%
30
90%
28
90%
27
90%
26
90%
25
90%
24
90%
29
89%
32
89%
41
89%
34
89%
45
88%
44
88%
43
88%
42
88%
51
88%
40
88%
38
88%
37
88%
36
88%
35
88%
33
88%
39
88%
55
87%
46
87%
47
87%
48
87%
49
87%
50
87%
61
86%
60
86%
54
86%
56
86%
52
86%
57
85%
58
85%
59
85%
53
85%
62
85%
71
85%
81
84%
78
84%
77
84%
74
84%
70
84%
64
84%
65
84%
67
84%
68
84%
66
84%
63
84%
82
83%
80
83%
69
83%
88
83%
76
83%
75
83%
73
83%
72
83%
92
82%
91
82%
90
82%
89
82%
85
82%
87
82%
86
82%
84
82%
83
82%
79
82%
93
81%
94
81%
95
81%
96
81%
97
81%
98
81%
99
81%
100
81%
101
78%
102
78%
103
77%
104
76%
105
75%
106
75%
107
74%
108
74%
109
73%
110
73%
111
72%
112
72%
114
71%
113
71%
115
70%
116
70%
117
69%
118
69%
119
69%
120
69%
121
68%
123
68%
124
65%
125
64%
126
63%
122
63%
127
62%
128
61%
129
61%
130
60%
131
58%
132
57%
133
56%
134
55%
135
53%
136
52%
140
51%
137
51%
138
50%
139
49%
141
49%
144
47%
142
46%
143
45%
145
45%
146
42%
147
41%
150
41%
148
40%
151
39%
149
39%
152
36%
155
36%
153
34%
154
34%
156
33%
160
30%
157
30%
158
30%
159
29%
161
29%
162
26%
166
26%
163
25%
164
24%
165
24%
167
23%
170
22%
171
21%
200
21%
168
21%
169
20%
177
19%
172
18%
173
17%
199
17%
180
16%
181
16%
176
16%
175
16%
174
16%
178
16%
188
15%
179
14%
191
14%
190
14%
182
13%
198
13%
187
12%
185
12%
189
12%
184
12%
183
12%
192
12%
197
12%
193
11%
194
11%
195
11%
196
11%
186
11%

Score Distribution

Percentile by Number Answered

Percent of People with Each Score

Your Score History

You have not taken this quiz